La guitarra al Palau Güell : Art Llobet, Festival de les Arts i la Guitarra : Airam de Vera Ramos Art Llobet, Festival de les Arts i la Guitarra : Airam de Vera Ramos

Publicado: Barcelona : Palau Güell ; Diputació de Bareclona , 2023
Descripción Física: 1 díptic : il·lustracions color ; 21 x 15 cm
Idioma: Catalán

MARC

LEADER 00000nam a22000007a 4500
001 28626
003 AGDB
005 20260324181527.0
008 241113b spa||||| |||| 00| 0 cat d
017 |a B 19510-2023 
040 |a agdb  |b cat 
245 |a La guitarra al Palau Güell :   |b Art Llobet, Festival de les Arts i la Guitarra : Airam de Vera Ramos 
260 |a Barcelona :   |b Palau Güell ;   |b Diputació de Bareclona ;   |c 2023 
300 |a 1 díptic :   |b il·lustracions color ;   |c 21 x 15 cm 
500 |a Programa del concert del guitarrista Airam de Vera Ramos al Palau Güell celebrat el 26 d'octubre de 2023. 
610 2 0 |a Palau Güell (Barcelona)  |x Activitats culturals  |9 52964 
650 0 |a Festivals de música  |x Programes   |z Barcelona (Catalunya)  |9 48550 
655 0 |a Fulletons  |9 55858 
710 2 |a Palau Güell (Barcelona)  |9 17034 
710 1 |a Barcelona (Catalunya : Província).  |b Diputació  |9 52408 
942 |2 udc  |c ARXIU  |n 1 
952 |0 0  |1 0  |4 0  |6 FU7774  |7 1  |9 97539  |a Arxiu  |b Arxiu  |d 2024-11-13  |l 0  |o FU-77-74  |p 28626  |r 2024-11-13 00:00:00  |w 2024-11-13  |y ARXIU 
999 |c 129420  |d 129420